000 00225nam a22000857a 4500
008 160914b xxu||||| |||| 00| 0 eng d
100 _9446
_aBala. R.
245 _aSocial Science- 9
260 _aNew Delhi
_bS. Chand Publications
_c2012
999 _c3105
_d3105